000 00609nam a2200253Ia 4500
005 20260121155453.0
008 008 260114s9999 xx 000 0 eng d
020 _a9780367175023
037 _aEBOOK
040 _aCRL
040 _beng
040 _cCRL
041 _2eng
041 _aeng
084 _qCRL
100 _a Laurie Bauer; Andreea S. Calude
_91019897
245 0 _aQuestions About Language
260 _bTaylor and Francis
260 _c2020
856 _uhttp://www.taylorfrancis.com/books/9780367175023
942 _cEBOOK
999 _c1586716
_d1586716